000 00472nam a2200157 4500
008 161114b xxu||||| |||| 00| 0 eng d
022 _a9770118389007
082 _aDPer 641.05 F73 Mar-Jul 2013
100 _917273
_aDe Rivera, Angeli
245 _aSagada demystified/
_cAngeli De Rivera.
260 _aQuezon City:
_bABS CBN Publishing, Inc.,
_cc2013.
300 _apage 87;
_c30 cm.
500 _aFood.
650 0 _917274
_aFlavoring essences
942 _2ddc
_cPER
999 _c5630
_d5630